[Event "Verbandsliga 2019-20"]
[Site "MVP"]
[Date "2020.01.19"]
[Round "5.4"]
[White "Littke, Helmut"]
[Black "Ehlers, Michael"]
[Result "1/2-1/2"]
[WhiteElo "2056"]
[BlackElo "1941"]
[PlyCount "23"]
[EventDate "2019.09.29"]
[EventType "team-tourn"]
[EventRounds "9"]
[WhiteTeam "ASV Wismar"]
[BlackTeam "SAV Torgelow"]
[WhiteTeamCountry "GER"]
[BlackTeamCountry "GER"]

1. d4 Nf6 2. c4 g6 3. Nc3 d5 4. cxd5 Nxd5 5. e3 Bg7 6. Bc4 Nb6 7. Bb3 O-O 8.
Nge2 Na6 9. O-O c5 10. a4 Bg4 11. f3 cxd4 12. Nxd4 1/2-1/2

[Event "Verbandsliga 2019-20"]
[Site "MVP"]
[Date "2020.01.19"]
[Round "5.5"]
[White "Bress, Aaron"]
[Black "Junggebauer, Thomas"]
[Result "1/2-1/2"]
[WhiteElo "1793"]
[BlackElo "2000"]
[Annotator "user"]
[PlyCount "100"]
[EventDate "2019.09.29"]
[EventType "team-tourn"]
[EventRounds "9"]
[WhiteTeam "SAV Torgelow"]
[BlackTeam "ASV Wismar"]
[WhiteTeamCountry "GER"]
[BlackTeamCountry "GER"]

{[%evp 0,100,26,26,35,47,38,29,39,23,25,28,95,56,56,56,48,-16,-7,-25,-25,-32,
-32,-32,-19,-34,-54,-47,-11,-115,-115,-109,-44,-107,-73,-51,-85,-98,-47,-47,
-42,-56,-37,-40,-13,-12,-12,-21,-12,-12,-12,-24,-24,-24,-24,-26,-23,-22,-11,
-24,-24,-24,-24,-36,-12,-22,5,-22,0,-49,-17,-49,-28,-29,0,-48,-39,-36,-43,-55,
-50,-58,-60,-66,-48,-160,-66,-218,-61,-62,-60,-204,-66,-80,-59,-230,-66,-72,
-61,-75,-52,-90,3]} 1. e4 c5 2. Nf3 e6 3. d4 cxd4 4. Nxd4 Nc6 5. Nc3 Be7 6. Be2
Nf6 7. O-O O-O 8. Kh1 d5 9. Nxc6 bxc6 10. e5 Nd7 11. f4 Rb8 12. Bd3 Nc5 13. Be2
f5 14. g4 d4 15. Nb1 Ne4 16. Nd2 c5 17. gxf5 Nxd2 18. Bxd2 Bb7+ 19. Bf3 Rxf5
20. Rb1 Qd7 21. Qe2 Qa4 22. Bxb7 Rxb7 23. Qe4 Rd7 24. b3 Qa6 25. Qd3 Qc6+ 26.
Qf3 Qxf3+ 27. Rxf3 g6 28. Kg2 Bf8 29. Rbf1 Rdf7 30. Kg3 Bh6 31. h3 Kf8 32. Bc1
Ke8 33. h4 Bf8 34. Bd2 Be7 35. Be1 Rh5 36. Kg4 Kd7 37. a4 a6 38. Rg1 Kc6 39.
Rg2 Bd8 40. Re2 Rhf5 41. Ref2 h6 42. Rd2 Kd5 43. Rf1 Bc7 44. Rff2 Bd8 45. Rf1
Bc7 46. Rff2 Bd8 47. Rf1 Bb6 48. Rff2 Rc7 49. Rf1 Rf8 50. Kh3 Ke4 {die
restlichen Züge sind nicht lesbar} 1/2-1/2

[Event "Verbandsliga 2019-20"]
[Site "MVP"]
[Date "2020.01.19"]
[Round "5.6"]
[White "Bahr, Enrico"]
[Black "Grossmann, Piet"]
[Result "1/2-1/2"]
[WhiteElo "2003"]
[BlackElo "1818"]
[PlyCount "37"]
[EventDate "2019.09.29"]
[EventType "team-tourn"]
[EventRounds "9"]
[WhiteTeam "ASV Wismar"]
[BlackTeam "SAV Torgelow"]
[WhiteTeamCountry "GER"]
[BlackTeamCountry "GER"]

1. d4 e6 2. Nf3 c5 3. Bg5 Nf6 4. c3 d5 5. e3 Nc6 6. Nbd2 h6 7. Bh4 Be7 8. Bd3
O-O 9. O-O Qc7 10. Bg3 Bd6 11. Bxd6 Qxd6 12. Re1 Nd7 13. Rc1 e5 14. dxc5 Nxc5
15. Bb1 Rd8 16. b4 Ne6 17. Qe2 Nf8 18. Red1 Qf6 19. b5 1/2-1/2

[Event "Verbandsliga 2019-20"]
[Site "MVP"]
[Date "2020.01.19"]
[Round "5.7"]
[White "Schmidt, Paul"]
[Black "Schulz, Bernd"]
[Result "1-0"]
[WhiteElo "1915"]
[BlackElo "1906"]
[PlyCount "59"]
[EventDate "2019.09.29"]
[EventType "team-tourn"]
[EventRounds "9"]
[WhiteTeam "SAV Torgelow"]
[BlackTeam "ASV Wismar"]
[WhiteTeamCountry "GER"]
[BlackTeamCountry "GER"]

1. e4 e5 2. Nf3 Nc6 3. Bb5 d6 4. d4 exd4 5. Nxd4 Bd7 6. O-O Nf6 7. Nc3 Be7 8.
Qd3 Nxd4 9. Bxd7+ Nxd7 10. Qxd4 O-O 11. Bd2 Bf6 12. Qd5 Qc8 13. f4 Nb6 14. Qd3
Qe6 15. b3 Bxc3 16. Bxc3 f6 17. Rf3 Rae8 18. Re1 d5 19. e5 fxe5 20. Rxe5 Qd7
21. Rg5 Rf7 22. Rh3 Re4 23. Rhg3 g6 24. Be5 c6 25. c4 Qe6 26. h4 Nd7 27. h5
Nxe5 28. fxe5 Re1+ 29. Kh2 Rxe5 30. hxg6 1-0

[Event "Verbandsliga 2019-20"]
[Site "MVP"]
[Date "2020.01.19"]
[Round "5.8"]
[White "Podolskiy, Alexander"]
[Black "Troemer, Felix"]
[Result "1/2-1/2"]
[WhiteElo "1970"]
[BlackElo "1753"]
[PlyCount "104"]
[EventDate "2019.09.29"]
[EventType "team-tourn"]
[EventRounds "9"]
[WhiteTeam "ASV Wismar"]
[BlackTeam "SAV Torgelow"]
[WhiteTeamCountry "GER"]
[BlackTeamCountry "GER"]

1. e4 c5 2. Nf3 e6 3. d4 cxd4 4. Nxd4 a6 5. Nc3 Qc7 6. Bd3 Nf6 7. O-O b5 8. Be3
Bb7 9. Nde2 Ng4 10. Bf4 Bd6 11. Bxd6 Qxd6 12. Ng3 h5 13. Re1 Nc6 14. Be2 Qf4
15. Bxg4 hxg4 16. Nd5 exd5 17. exd5+ Ne5 18. Re4 Qg5 19. Qd4 f6 20. Qc5 Kf7 21.
Rae1 Rhc8 22. Qd6 Kg8 23. Rxe5 fxe5 24. Qxd7 Rab8 25. Nf5 Rd8 26. Qe6+ Kh8 27.
Nd6 Rxd6 28. Qxd6 Rd8 29. Qb6 Bxd5 30. Qxa6 Qd2 31. Ra1 Bb7 32. Qxb5 Qxc2 33.
Qb3 Qe4 34. Qg3 Rd3 35. Qh4+ Kg8 36. f3 Qd5 37. Qxg4 Rd2 38. Qa4 Qc5+ 39. Kh1
Bc6 40. Qb3+ Kh8 41. Qe6 Bd7 42. Qg6 Qd4 43. h3 Qxb2 44. Re1 Qxa2 45. Qg5 Bc6
46. Qg4 Bd7 47. Qg5 Kg8 48. Qd8+ Kf7 49. Qg5 Kf8 50. Qd8+ Kf7 51. Qg5 Be6 52.
Qxe5 Rc2 1/2-1/2

[Event "Verbandsliga 2019-20"]
[Site "MVP"]
[Date "2020.01.19"]
[Round "5.1"]
[White "Hornych, Christoph"]
[Black "Seiler, Dirk"]
[Result "1-0"]
[WhiteElo "2171"]
[BlackElo "2122"]
[PlyCount "77"]
[EventDate "2019.09.29"]
[EventType "team-tourn"]
[EventRounds "9"]
[WhiteTeam "SF Schwerin II"]
[BlackTeam "SG Guestrow/Teterow"]
[WhiteTeamCountry "GER"]
[BlackTeamCountry "GER"]

1. e4 c5 2. Nf3 a6 3. c4 Nc6 4. d4 cxd4 5. Nxd4 e6 6. Nc3 d6 7. Be2 Nf6 8. O-O
Be7 9. Be3 Qc7 10. Qd2 O-O 11. Rac1 Ne5 12. f3 b6 13. b3 Bb7 14. Rfd1 Rad8 15.
Na4 Ned7 16. b4 Rfe8 17. Nb3 Bf8 18. Bf1 h6 19. Qf2 a5 20. a3 axb4 21. axb4 Ra8
22. Nxb6 Ra3 23. Nxd7 Nxd7 24. Nd4 Bc6 25. Ra1 Rea8 26. Nc2 Ra2 27. Rxa2 Rxa2
28. Ra1 Rxa1 29. Nxa1 Ne5 30. Qa2 Bb7 31. Nc2 d5 32. exd5 exd5 33. c5 Qd7 34.
Nd4 Nc4 35. Bf2 Bc6 36. Nxc6 Qxc6 37. Bxc4 dxc4 38. Qxc4 Qa4 39. h3 1-0

[Event "Verbandsliga 2019-20"]
[Site "MVP"]
[Date "2020.01.19"]
[Round "5.2"]
[White "Waschk, Armin"]
[Black "Grahl, Arvid"]
[Result "1/2-1/2"]
[WhiteElo "2165"]
[BlackElo "2167"]
[PlyCount "23"]
[EventDate "2019.09.29"]
[EventType "team-tourn"]
[EventRounds "9"]
[WhiteTeam "SG Guestrow/Teterow"]
[BlackTeam "SF Schwerin II"]
[WhiteTeamCountry "GER"]
[BlackTeamCountry "GER"]

1. Nf3 g6 2. g3 Bg7 3. Bg2 c5 4. O-O Nc6 5. d3 e6 6. e4 Nge7 7. Nc3 O-O 8. Be3
Nd4 9. Qd2 a6 10. Ne2 Nxe2+ 11. Qxe2 b6 12. c3 1/2-1/2

[Event "Verbandsliga 2019-20"]
[Site "MVP"]
[Date "2020.01.19"]
[Round "5.3"]
[White "Heinsohn, Wilfried"]
[Black "Luther, Alexander"]
[Result "1/2-1/2"]
[WhiteElo "2147"]
[BlackElo "2052"]
[PlyCount "23"]
[EventDate "2019.09.29"]
[EventType "team-tourn"]
[EventRounds "9"]
[WhiteTeam "SF Schwerin II"]
[BlackTeam "SG Guestrow/Teterow"]
[WhiteTeamCountry "GER"]
[BlackTeamCountry "GER"]

1. e4 c5 2. Nc3 a6 3. g3 b5 4. Bg2 Bb7 5. d3 e6 6. f4 d5 7. exd5 exd5 8. Nf3
Nf6 9. Ne5 Bd6 10. O-O O-O 11. Qf3 Nbd7 12. Nxd7 1/2-1/2

[Event "Verbandsliga 2019-20"]
[Site "MVP"]
[Date "2020.01.19"]
[Round "5.4"]
[White "Dettmann, Gerd"]
[Black "Roehl, Rainer"]
[Result "1/2-1/2"]
[WhiteElo "2102"]
[BlackElo "2033"]
[PlyCount "33"]
[EventDate "2019.09.29"]
[EventType "team-tourn"]
[EventRounds "9"]
[WhiteTeam "SG Guestrow/Teterow"]
[BlackTeam "SF Schwerin II"]
[WhiteTeamCountry "GER"]
[BlackTeamCountry "GER"]

1. e4 c5 2. Nf3 g6 3. d4 cxd4 4. Nxd4 Nc6 5. Nc3 Bg7 6. Be3 Nf6 7. Be2 d6 8.
O-O O-O 9. Qd2 Ng4 10. Bxg4 Bxg4 11. Nxc6 bxc6 12. Bd4 Bxd4 13. Qxd4 Qb6 14.
Qxb6 axb6 15. h3 Be6 16. Rfe1 Ra5 17. a3 1/2-1/2

[Event "Verbandsliga 2019-20"]
[Site "MVP"]
[Date "2020.01.19"]
[Round "5.5"]
[White "Wandel, Bernd"]
[Black "Gebert-Vangeel, Ralf"]
[Result "1-0"]
[WhiteElo "2064"]
[BlackElo "2033"]
[PlyCount "101"]
[EventDate "2019.09.29"]
[EventType "team-tourn"]
[EventRounds "9"]
[WhiteTeam "SF Schwerin II"]
[BlackTeam "SG Guestrow/Teterow"]
[WhiteTeamCountry "GER"]
[BlackTeamCountry "GER"]

1. d4 d5 2. c4 c6 3. Nc3 e6 4. Nf3 Nf6 5. Bg5 Nbd7 6. e3 Be7 7. Qc2 O-O 8.
O-O-O a6 9. h4 b5 10. cxd5 cxd5 11. Kb1 Bb7 12. Rc1 Rc8 13. Qd3 Ne4 14. Bxe7
Qxe7 15. Ng5 f5 16. Ngxe4 fxe4 17. Qd2 Nb6 18. b3 b4 19. Nd1 a5 20. Rxc8 Rxc8
21. f3 a4 22. fxe4 dxe4 23. Bc4 a3 24. Be2 Nd5 25. Bc4 Nb6 26. Be2 Bd5 27. Rf1
Nd7 28. Rf4 e5 29. Rf5 g6 30. Rg5 Qf7 31. Ba6 Ra8 32. Bb5 h6 33. Rxg6+ Qxg6 34.
Bxd7 Qd6 35. Bf5 Rf8 36. g4 h5 37. Qh2 hxg4 38. Bxg4 Qf6 39. dxe5 Qf1 40. Be2
Qf7 41. Qg3+ Kh7 42. h5 Rg8 43. Qe1 Rb8 44. Qg3 Rb6 45. Qf4 Qxf4 46. exf4 Rb8
47. Ne3 Rg8 48. Nxd5 Rg1+ 49. Kc2 Rg2 50. Kd2 e3+ 51. Nxe3 1-0

[Event "Verbandsliga 2019-20"]
[Site "MVP"]
[Date "2020.01.19"]
[Round "5.6"]
[White "Dettmann, Holger"]
[Black "Wagner, Ralph"]
[Result "1-0"]
[WhiteElo "2012"]
[BlackElo "2111"]
[PlyCount "57"]
[EventDate "2019.09.29"]
[EventType "team-tourn"]
[EventRounds "9"]
[WhiteTeam "SG Guestrow/Teterow"]
[BlackTeam "SF Schwerin II"]
[WhiteTeamCountry "GER"]
[BlackTeamCountry "GER"]

1. d4 d5 2. Nc3 Nf6 3. Bf4 a6 4. Qd2 e6 5. f3 c5 6. e3 b5 7. Bxb8 Rxb8 8. Nh3
Qc7 9. Ne2 Bb7 10. g4 Be7 11. Nf2 e5 12. O-O-O O-O 13. Ng3 exd4 14. exd4 Bd6
15. Nh3 Rfe8 16. Nf5 Bf8 17. Nf4 c4 18. g5 Nd7 19. h4 b4 20. h5 c3 21. Qh2 Qa5
22. Kb1 Bc8 23. Ng6 b3 24. cxb3 Nc5 25. Nge7+ Bxe7 26. Nxe7+ Kh8 27. dxc5 Qxc5
28. Nxc8 Rbxc8 29. Bd3 1-0

[Event "Verbandsliga 2019-20"]
[Site "MVP"]
[Date "2020.01.19"]
[Round "5.7"]
[White "Helms, Sven"]
[Black "Kiel, Bernd"]
[Result "0-1"]
[WhiteElo "1962"]
[BlackElo "1989"]
[PlyCount "148"]
[EventDate "2019.09.29"]
[EventType "team-tourn"]
[EventRounds "9"]
[WhiteTeam "SF Schwerin II"]
[BlackTeam "SG Guestrow/Teterow"]
[WhiteTeamCountry "GER"]
[BlackTeamCountry "GER"]

1. e4 d5 2. exd5 Nf6 3. c4 e6 4. Nc3 exd5 5. d4 Bb4 6. Nf3 O-O 7. Bg5 Re8+ 8.
Be2 dxc4 9. O-O Bg4 10. Bxf6 Qxf6 11. Nd5 Qd6 12. Bxc4 Bh5 13. Qb3 Nc6 14. Bb5
Ba5 15. Rfd1 Rad8 16. Bc4 Re4 17. Rd3 Bxf3 18. gxf3 Rh4 19. f4 Qh6 20. h3 Bb6
21. Nxb6 axb6 22. Bxf7+ Kh8 23. Rad1 Rxf4 24. Bd5 Na5 25. Qa4 Qf6 26. Bg2 Rxf2
27. Re1 Rf8 28. Rg3 Nc6 29. d5 Ne5 30. Qe4 Ng6 31. Ree3 Nh4 32. Rg4 Nxg2 33.
Rxg2 Qxb2 34. Re2 Rxe2 35. Rxe2 Qf6 36. Qe3 h6 37. Rg2 Qf1+ 38. Kh2 Qf4+ 39.
Qxf4 Rxf4 40. Re2 Rf7 41. Re8+ Kh7 42. Rb8 Rf2+ 43. Kg3 Rxa2 44. Rxb7 Rd2 45.
Rxc7 Rxd5 46. Rc6 Rg5+ 47. Kh2 Rg6 48. Rc7 Rf6 49. Rb7 h5 50. h4 Kh6 51. Rb8
Re6 52. Kg3 Kg6 53. Rb7 Kf6 54. Kf3 g6 55. Rb8 Ke5 56. Kg3 Rf6 57. Re8+ Kd4 58.
Rd8+ Kc4 59. Rc8+ Kb4 60. Rb8 b5 61. Rb7 Kc4 62. Rc7+ Kb3 63. Re7 b4 64. Rb7
Kc3 65. Rc7+ Kb2 66. Rb7 b3 67. Rb8 Kc2 68. Rb7 b2 69. Rc7+ Kb1 70. Rb7 Rc6 71.
Rf7 Kc2 72. Rf2+ Kb3 73. Rf1 Rc1 74. Rf3+ Kc4 0-1

[Event "Verbandsliga 2019-20"]
[Site "MVP"]
[Date "2020.01.19"]
[Round "5.8"]
[White "Hornecker, Siegfried"]
[Black "Kutschke, Peter"]
[Result "1/2-1/2"]
[WhiteElo "2015"]
[BlackElo "1993"]
[PlyCount "28"]
[EventDate "2019.09.29"]
[EventType "team-tourn"]
[EventRounds "9"]
[WhiteTeam "SG Guestrow/Teterow"]
[BlackTeam "SF Schwerin II"]
[WhiteTeamCountry "GER"]
[BlackTeamCountry "GER"]

1. e4 d5 2. d4 dxe4 3. Nc3 e5 4. dxe5 Qxd1+ 5. Kxd1 Nc6 6. Bb5 Bd7 7. Nxe4 Nxe5
8. Bxd7+ Nxd7 9. Nf3 a6 10. Re1 O-O-O 11. c3 Nc5+ 12. Kc2 Nxe4 13. Rxe4 Nf6 14.
Re2 Bd6 1/2-1/2

[Event "Verbandsliga 2019-20"]
[Site "MVP"]
[Date "2020.01.19"]
[Round "5.1"]
[White "Stoevesand, Peter"]
[Black "Wolke, Heiko"]
[Result "1-0"]
[WhiteElo "1754"]
[BlackElo "2036"]
[PlyCount "51"]
[EventDate "2019.09.29"]
[EventType "team-tourn"]
[EventRounds "9"]
[WhiteTeam "SG Neubrandenburg"]
[BlackTeam "Turbine Rostock"]
[WhiteTeamCountry "GER"]
[BlackTeamCountry "GER"]

1. e4 c6 2. d4 d5 3. Nc3 dxe4 4. Nxe4 Nf6 5. Ng3 e6 6. Nf3 c5 7. Be3 cxd4 8.
Bxd4 Be7 9. Bc4 O-O 10. Qe2 Nc6 11. Bc3 a6 12. O-O b5 13. Bb3 b4 14. Rad1 Qb6
15. Be5 Nxe5 16. Nxe5 Bb7 17. Nh5 Rad8 18. Nf4 Bc8 19. Qc4 Bc5 20. Nfd3 Bd4 21.
Nc6 Bb7 22. Nxd8 Rxd8 23. c3 a5 24. cxd4 Rc8 25. Nc5 Ba6 26. Qxa6 1-0

[Event "Verbandsliga 2019-20"]
[Site "MVP"]
[Date "2020.01.19"]
[Round "5.2"]
[White "Ruesch, Hans Joachim"]
[Black "Kunow, Frank"]
[Result "1/2-1/2"]
[WhiteElo "2056"]
[BlackElo "1926"]
[PlyCount "33"]
[EventDate "2019.09.29"]
[EventType "team-tourn"]
[EventRounds "9"]
[WhiteTeam "Turbine Rostock"]
[BlackTeam "SG Neubrandenburg"]
[WhiteTeamCountry "GER"]
[BlackTeamCountry "GER"]

1. d4 Nf6 2. c4 e6 3. Nf3 c5 4. d5 b5 5. cxb5 Nxd5 6. e4 Nf6 7. Nc3 Bb7 8. e5
Ne4 9. Bd3 Nxc3 10. bxc3 d5 11. exd6 Qxd6 12. O-O Be7 13. Qe2 Nd7 14. Be4 Bxe4
15. Qxe4 O-O 16. Bf4 Qd5 17. Qe2 1/2-1/2

[Event "Verbandsliga 2019-20"]
[Site "MVP"]
[Date "2020.01.19"]
[Round "5.3"]
[White "Schulz, Daniel"]
[Black "Hamann, Dirk"]
[Result "1/2-1/2"]
[WhiteElo "1817"]
[BlackElo "1987"]
[Annotator "user"]
[PlyCount "53"]
[EventDate "2019.09.29"]
[EventType "team-tourn"]
[EventRounds "9"]
[WhiteTeam "SG Neubrandenburg"]
[BlackTeam "Turbine Rostock"]
[WhiteTeamCountry "GER"]
[BlackTeamCountry "GER"]

1. e4 Nf6 2. Nc3 e5 3. f4 d5 4. fxe5 Nxe4 5. Nf3 Bg4 6. Qe2 Nxc3 7. dxc3 Nc6 8.
Bf4 a6 9. O-O-O Bc5 10. h3 Be6 11. g4 O-O 12. Qe1 Ne7 13. Bd3 Ng6 14. Bd2 b5
15. Ng5 Be7 16. Nxe6 fxe6 17. Bxg6 hxg6 18. h4 g5 19. hxg5 Bxg5 20. Rh5 Bxd2+
21. Qxd2 Qe7 22. Qh2 Kf7 23. Rf1+ Kg6 24. Rg1 Kf7 25. Rf1+ Kg6 26. Rh1 Kf7 27.
Rf1+ {dreifache Stellungswiederholung} 1/2-1/2

[Event "Verbandsliga 2019-20"]
[Site "MVP"]
[Date "2020.01.19"]
[Round "5.5"]
[White "Hoerhold, Martin"]
[Black "Boecking, Uwe"]
[Result "1/2-1/2"]
[WhiteElo "1828"]
[BlackElo "1769"]
[PlyCount "64"]
[EventDate "2019.09.29"]
[EventType "team-tourn"]
[EventRounds "9"]
[WhiteTeam "SG Neubrandenburg"]
[BlackTeam "Turbine Rostock"]
[WhiteTeamCountry "GER"]
[BlackTeamCountry "GER"]

1. e4 c5 2. Nf3 e6 3. d4 cxd4 4. Nxd4 a6 5. c4 Nf6 6. Bd3 Nc6 7. Nc2 Be7 8. Nc3
d5 9. O-O dxc4 10. Bxc4 b5 11. Qxd8+ Bxd8 12. Be2 Bb7 13. f3 Bb6+ 14. Be3 Bxe3+
15. Nxe3 O-O 16. a3 Rfd8 17. Rfd1 Nd4 18. Kf2 Nb3 19. Rxd8+ Rxd8 20. Rd1 Rxd1
21. Bxd1 Nc5 22. b4 Nd3+ 23. Ke2 Ne5 24. f4 Nc6 25. e5 Nd7 26. Kd3 g5 27. g3
Kg7 28. Ne4 gxf4 29. gxf4 Ne7 30. Nd6 Bc6 31. Bh5 Ng6 32. Bxg6 Kxg6 1/2-1/2

[Event "Verbandsliga 2019-20"]
[Site "MVP"]
[Date "2020.01.19"]
[Round "5.2"]
[White "Boehme, Andy"]
[Black "Mildner, Jens"]
[Result "1-0"]
[WhiteElo "2058"]
[BlackElo "2107"]
[PlyCount "103"]
[EventDate "2019.09.29"]
[EventType "team-tourn"]
[EventRounds "9"]
[WhiteTeam "BW Grevesmuehlen"]
[BlackTeam "Greifswalder SV II"]
[WhiteTeamCountry "GER"]
[BlackTeamCountry "GER"]

1. Nf3 d5 2. b3 c6 3. Bb2 Nf6 4. g3 Bg4 5. Bg2 e6 6. d3 Nbd7 7. h3 Bxf3 8. Bxf3
Be7 9. Nd2 Qa5 10. a3 Rd8 11. b4 Qc7 12. c4 Ne5 13. cxd5 Nxf3+ 14. Nxf3 Rxd5
15. Qc2 O-O 16. O-O a6 17. Kg2 Rdd8 18. Rac1 Nd7 19. e3 Bf6 20. Bxf6 Nxf6 21.
d4 Qd6 22. Qc5 Qd5 23. Qxd5 Rxd5 24. Rc5 Rfd8 25. Rfc1 Ne4 26. Rxd5 Rxd5 27.
Ne5 Kf8 28. Nd3 Ke7 29. f3 Nd6 30. a4 g5 31. Nc5 e5 32. a5 exd4 33. e4 Re5 34.
f4 gxf4 35. gxf4 Rh5 36. e5 Nf5 37. Nxb7 d3 38. Rxc6 d2 39. Rc7+ Kf8 40. Rc8+
Ke7 41. Rc7+ Kf8 42. Rc8+ Kg7 43. Rd8 Ne3+ 44. Kg3 d1=Q 45. Rxd1 Nxd1 46. Nd6
Ne3 47. b5 axb5 48. a6 Nd5 49. Kg4 Rxh3 50. Kxh3 b4 51. a7 Nc7 52. Ne8+ 1-0

[Event "Verbandsliga 2019-20"]
[Site "MVP"]
[Date "2020.01.19"]
[Round "5.4"]
[White "Stiegler, Maik"]
[Black "Nauschuetz, Ernst"]
[Result "1-0"]
[WhiteElo "1997"]
[BlackElo "1921"]
[PlyCount "123"]
[EventDate "2019.09.29"]
[EventType "team-tourn"]
[EventRounds "9"]
[WhiteTeam "BW Grevesmuehlen"]
[BlackTeam "Greifswalder SV II"]
[WhiteTeamCountry "GER"]
[BlackTeamCountry "GER"]

1. d4 Nf6 2. c4 e6 3. Nc3 Bb4 4. Qc2 Nc6 5. Nf3 d6 6. Bg5 h6 7. Bh4 g5 8. Bg3
g4 9. Nd2 Nxd4 10. Qd1 Bd7 11. e4 e5 12. Bh4 Bxc3 13. bxc3 Nc6 14. Be2 Qe7 15.
f3 Qe6 16. c5 dxc5 17. Rf1 O-O 18. f4 exf4 19. Rxf4 Nh7 20. Bxg4 Qd6 21. Bg3
Qe7 22. Bxd7 Qxd7 23. Qh5 Rfd8 24. O-O-O Qe6 25. Kb2 Rd7 26. Nb3 Rxd1 27. Qxd1
b6 28. Rg4+ Kh8 29. Bxc7 Rc8 30. Bf4 Rg8 31. Rxg8+ Kxg8 32. Qd5 Kg7 33. a4 Nf6
34. Qxe6 fxe6 35. Nd2 Kg6 36. h3 h5 37. Kc2 e5 38. Be3 Kf7 39. Kd3 Ke6 40. Kc4
a6 41. Bg5 Na5+ 42. Kd3 b5 43. axb5 axb5 44. Bh4 c4+ 45. Ke3 Nb7 46. Nf3 Nd6
47. Ng5+ Kd7 48. Bg3 Kc6 49. Bxe5 Nd7 50. Bd4 Nc5 51. g4 hxg4 52. hxg4 Nb3 53.
Bh8 Nc8 54. Bg7 Ne7 55. Nf3 Kc5 56. Bf8 Kd6 57. Nd4 Nxd4 58. cxd4 Kd7 59. Bxe7
Kxe7 60. d5 c3 61. e5 b4 62. Kd3 1-0

[Event "Verbandsliga 2019-20"]
[Site "MVP"]
[Date "2020.01.19"]
[Round "5.5"]
[White "Sichler, Jakob"]
[Black "Hausmann, Marcus"]
[Result "1-0"]
[WhiteElo "1821"]
[BlackElo "1916"]
[PlyCount "47"]
[EventDate "2019.09.29"]
[EventType "team-tourn"]
[EventRounds "9"]
[WhiteTeam "Greifswalder SV II"]
[BlackTeam "BW Grevesmuehlen"]
[WhiteTeamCountry "GER"]
[BlackTeamCountry "GER"]

1. e4 d6 2. d4 Nf6 3. Nc3 e5 4. dxe5 dxe5 5. Qxd8+ Kxd8 6. Bg5 Be6 7. O-O-O+
Kc8 8. g3 a6 9. f4 Bd6 10. Bxf6 gxf6 11. f5 Bd7 12. Nd5 Bc6 13. Nxf6 Nd7 14.
Nd5 b6 15. Nf3 h6 16. Bc4 b5 17. Bb3 Nc5 18. Rhe1 a5 19. Nb6+ cxb6 20. Rxd6
Bxe4 21. Nxe5 Bxf5 22. Nxf7 Ne4 23. Rxe4 Bxe4 24. Nxh8 1-0

[Event "Verbandsliga 2019-20"]
[Site "MVP"]
[Date "2020.01.19"]
[Round "5.6"]
[White "Streit, Bodo"]
[Black "Bartel, Jethro"]
[Result "1-0"]
[WhiteElo "1872"]
[BlackElo "1530"]
[PlyCount "45"]
[EventDate "2019.09.29"]
[EventType "team-tourn"]
[EventRounds "9"]
[WhiteTeam "BW Grevesmuehlen"]
[BlackTeam "Greifswalder SV II"]
[WhiteTeamCountry "GER"]
[BlackTeamCountry "GER"]

1. b4 e5 2. Bb2 Bxb4 3. Bxe5 Nf6 4. Nf3 O-O 5. e3 d5 6. c4 Bf5 7. Qb3 Ba5 8.
cxd5 Qxd5 9. Bxf6 Qxb3 10. axb3 gxf6 11. Rxa5 Bxb1 12. Nd4 b6 13. Ra1 Be4 14.
f3 Nc6 15. fxe4 Nxd4 16. exd4 Rfe8 17. Bd3 f5 18. e5 Rad8 19. Ra4 c5 20. Rxa7
Rxd4 21. Bc4 Rxe5+ 22. Kd1 Re3 23. Bxf7+ 1-0

[Event "Verbandsliga 2019-20"]
[Site "MVP"]
[Date "2020.01.19"]
[Round "5.7"]
[White "Wucherer, Sophie"]
[Black "Piske, Thomas"]
[Result "0-1"]
[WhiteElo "1531"]
[BlackElo "1944"]
[PlyCount "56"]
[EventDate "2019.09.29"]
[EventType "team-tourn"]
[EventRounds "9"]
[WhiteTeam "Greifswalder SV II"]
[BlackTeam "BW Grevesmuehlen"]
[WhiteTeamCountry "GER"]
[BlackTeamCountry "GER"]

1. d4 Nf6 2. c4 g6 3. Nc3 Bg7 4. Nf3 O-O 5. g3 d6 6. Bg2 Nc6 7. O-O Bg4 8. h3
Bxf3 9. Bxf3 Qc8 10. Bg2 Nd7 11. d5 Nce5 12. Qc2 Nxc4 13. Nb5 Ncb6 14. Nxc7 Rb8
15. Be3 Nc5 16. Nb5 a6 17. Nd4 Ncd7 18. Qb3 Qc4 19. Rab1 Bxd4 20. Qxc4 Nxc4 21.
Bxd4 Nd2 22. f4 Nxb1 23. Rxb1 Rfc8 24. Bc3 b5 25. e3 Nb6 26. e4 Na4 27. Bd4 Rc2
28. Bf1 Rbc8 0-1

[Event "Verbandsliga 2019-20"]
[Site "MVP"]
[Date "2020.01.19"]
[Round "5.8"]
[White "Haase, Sebastian"]
[Black "Kriese, Ralf"]
[Result "1/2-1/2"]
[WhiteElo "1857"]
[BlackElo "1691"]
[PlyCount "59"]
[EventDate "2019.09.29"]
[EventType "team-tourn"]
[EventRounds "9"]
[WhiteTeam "BW Grevesmuehlen"]
[BlackTeam "Greifswalder SV II"]
[WhiteTeamCountry "GER"]
[BlackTeamCountry "GER"]

1. d4 d5 2. Bf4 Nf6 3. Nf3 c5 4. e3 Nc6 5. c3 Qb6 6. Qb3 c4 7. Qxb6 axb6 8.
Nbd2 b5 9. Be2 Bg4 10. h3 Bh5 11. Ne5 e6 12. Bxh5 Nxh5 13. Bh2 Nxe5 14. Bxe5 f6
15. Bh2 g6 16. e4 b4 17. exd5 exd5 18. O-O bxc3 19. bxc3 Bh6 20. Nf3 Nf4 21.
Bxf4 Bxf4 22. Rfb1 Ra3 23. Rxb7 O-O 24. Rd7 Rxc3 25. Rxd5 Ra8 26. Kf1 Rc2 27.
Rc5 Rb8 28. Ne1 Rd2 29. Nf3 Rc2 30. Ne1 1/2-1/2

[Event "Verbandsliga 2019-20"]
[Site "MVP"]
[Date "2020.02.02"]
[Round "6.1"]
[White "Lange, Jannis"]
[Black "Fischer, Torsten"]
[Result "1-0"]
[WhiteElo "2083"]
[BlackElo "2026"]
[PlyCount "59"]
[EventDate "2019.09.29"]
[EventType "team-tourn"]
[EventRounds "9"]
[WhiteTeam "Greifswalder SV II"]
[BlackTeam "SF Schwerin III"]
[WhiteTeamCountry "GER"]
[BlackTeamCountry "GER"]

1. e4 e6 2. d4 d5 3. Nc3 Nf6 4. e5 Nfd7 5. f4 c5 6. Nf3 Nc6 7. Be3 Be7 8. Qd2
cxd4 9. Nxd4 Nxd4 10. Bxd4 O-O 11. O-O-O a6 12. Kb1 Bb4 13. h4 Nc5 14. Qe3 b6
15. g4 Bd7 16. Bg2 Bxc3 17. Bxc3 Qc8 18. f5 exf5 19. Bxd5 Ra7 20. gxf5 Bxf5 21.
Rdg1 Na4 22. Qg5 Nxc3+ 23. bxc3 g6 24. h5 Be6 25. Qf6 Qd8 26. Bxe6 Qxf6 27.
exf6 fxe6 28. hxg6 h6 29. Rf1 Rd7 30. g7 1-0